000 00789nam a2200229Ii 4500
003 JO-AjNU
005 20240110133820.0
008 230605s9999||||xx |||||||||||||| ||und||
040 _aJO-AjNU
_bara
_erda
_cJO-AjNU
041 _aara
050 1 4 _aDT199.H34 1983
100 3 _aالحاجري، محمد طه,
_eauthor
_939577
245 0 0 _aمرحلة التشييع في المغرب العربي وأثرها في الحياة الأدبية
250 _aط1
264 3 1 _aبيروت: دار النهضة العربية، 1983
300 _a151ص
336 _atext
_btxt
_2rdacontent
337 _aunmediated
_bn
_2rdamedia
338 _avolume
_bnc
_2rdacarrier
650 4 _aالادب العربي-تاريخ ونقد/ الشيعه-فرق اسلامية
_939578
942 _2lcc
_cBK
999 _c20294
_d20294